Writing first : practice in context / (Record no. 623)

000 -LEADER
fixed length control field 01195cam a22003135a 4500
001 - CONTROL NUMBER
control field 15472497
003 - CONTROL NUMBER IDENTIFIER
control field OSt
005 - DATE AND TIME OF LATEST TRANSACTION
control field 20140116120833.0
008 - FIXED-LENGTH DATA ELEMENTS--GENERAL INFORMATION
fixed length control field 080918s2008 mau 000 0 eng
010 ## - LIBRARY OF CONGRESS CONTROL NUMBER
LC control number 2008937792
020 ## - INTERNATIONAL STANDARD BOOK NUMBER
International Standard Book Number 9780312487584
040 ## - CATALOGING SOURCE
Transcribing agency DLC
050 00 - LIBRARY OF CONGRESS CALL NUMBER
Classification number PE1413.K57 2009
100 1# - MAIN ENTRY--PERSONAL NAME
Personal name Kirszner, Laurie G.
245 10 - TITLE STATEMENT
Title Writing first : practice in context /
Statement of responsibility, etc Laurie G. Kirszner and Stephen R. Mandell.
250 ## - EDITION STATEMENT
Edition statement 4th ed.
260 ## - PUBLICATION, DISTRIBUTION, ETC. (IMPRINT)
Place of publication, distribution, etc Boston :
Name of publisher, distributor, etc Bedford/St. Martins,
Date of publication, distribution, etc 2009.
300 ## - PHYSICAL DESCRIPTION
Extent xxxiii, 711 p.
500 ## - GENERAL NOTE
General note Includes index
650 #0 - SUBJECT ADDED ENTRY--TOPICAL TERM
Topical term or geographic name as entry element English language
General subdivision Rhetoric
Form subdivision Problems, exercises, etc.
650 #0 - SUBJECT ADDED ENTRY--TOPICAL TERM
Topical term or geographic name as entry element English language
General subdivision Grammar
Form subdivision Problems, exercises, etc.
650 #0 - SUBJECT ADDED ENTRY--TOPICAL TERM
Topical term or geographic name as entry element Report writing
Form subdivision Problems, exercises, etc.
700 1# - ADDED ENTRY--PERSONAL NAME
Personal name Mandell, Stephen R.
856 42 - ELECTRONIC LOCATION AND ACCESS
Materials specified Publisher description
Uniform Resource Identifier <a href="http://www.loc.gov/catdir/enhancements/fy0901/2008937792-d.html">http://www.loc.gov/catdir/enhancements/fy0901/2008937792-d.html</a>
856 42 - ELECTRONIC LOCATION AND ACCESS
Materials specified Contributor biographical information
Uniform Resource Identifier <a href="http://www.loc.gov/catdir/enhancements/fy0902/2008937792-b.html">http://www.loc.gov/catdir/enhancements/fy0902/2008937792-b.html</a>
906 ## - LOCAL DATA ELEMENT F, LDF (RLIN)
a 7
b cbc
c orignew
d 2
e epcn
f 20
g y-gencatlg
942 ## - ADDED ENTRY ELEMENTS (KOHA)
Source of classification or shelving scheme
Koha item type Book
Holdings
Withdrawn status Lost status Source of classification or shelving scheme Damaged status Not for loan Home library Current library Date acquired Source of acquisition Total Checkouts Full call number Barcode Date last seen Date checked out Copy number Price effective from Koha item type Total Renewals
          Riara University Library Riara University Library 25/10/2011 Purchase 4 PE1413.K57 2009 2875/11 18/10/2022 18/10/2022 C.1 25/10/2011 Book  
          Riara University Library Riara University Library 25/10/2011 Purchase 6 PE1413.K57 2009 2873/11 30/06/2021 23/06/2021 C.2 25/10/2011 Book  
          Riara University Library Riara University Library 25/10/2011 Purchase 7 PE1413.K57 2009 2874/11 03/11/2022 18/10/2022 C.3 25/10/2011 Book 2

Riara University Library,
P.O. Box 49940-00100,
Nairobi, Kenya.